| 000 | 01129nam a2200277 i 4500 | ||
|---|---|---|---|
| 003 | DO-SdBNP | ||
| 005 | 20260429123224.0 | ||
| 007 | ta | ||
| 008 | 250610b2019 dr abc|| |||| 00| 0 spa d | ||
| 040 |
_aDO-SdBNP _bspa _cBNPHU _erda |
||
| 082 | 4 |
_axxx _bxxx _222 |
|
| 245 | 1 | 0 | _aMemoria anual 2018 / |
| 264 | 1 |
_aSanto Domingo : _bAsociación Dominicana de Rehabilitación, Inc., _c2019. |
|
| 300 |
_a178 páginas : _bIlustraciones, mapas y retratos ; _c32 cm. |
||
| 336 |
_atexto _btxt _2rdacontent |
||
| 337 |
_asin mediación _bn _2rdamedia |
||
| 338 |
_avolumen _bnc _2rdacarrier |
||
| 500 | _aAsamblea Ordinaria de Miembros. 30 de abril 2019. | ||
| 505 |
_a1.- Filosofía institucional _t2.- Informe de la presidenta-- _t3.- Informe de tesorería-- _t4.- Informe de la vice-presidencia ejecutiva--.-- _t5.- Informe estadístico-- _t6.- Estructura orgánica de la ADR. |
||
| 590 | _aInventariado 2024 / MF | ||
| 650 | 4 |
_aOrganizaciones sin ánimo de lucro _xCorrespondencia, memorias, etc. _956956 |
|
| 650 | 0 |
_aParticipación política _9456 |
|
| 650 | 2 | 0 |
_aParticipación política _9456 |
| 910 | _aBtavárez | ||
| 942 |
_2ddc _cLBS1 |
||
| 999 |
_c59194 _d59194 |
||